000
00209 a2200097 4500
001
46361
100
_a
Freundlich, E
245
_a
Air Navigation
260
_a
London
_b
Oliver & Boyd
_c
090
_c
29479
_d
29479
942
_a
NUST-CAE
_c
M
_c
21645
999
_c
281434
_d
281434